[Event "Chigorin Memorial 2016"]
[Site "St Petersburg RUS"]
[Date "2016.10.16"]
[Round "2.157"]
[White "Zemnitskiy, Alexander"]
[Black "Smorodkin, Kirill"]
[Result "1-0"]
[WhiteElo "2044"]
[BlackElo "1627"]
[WhiteFideId "34164500"]
[BlackFideId "44176678"]
[EventDate "2016.10.15"]

1. Nf3 d5 2. c4 c6 3. b3 Nf6 4. Bb2 g6 5. e3 Bg7 6. d4 O-O 7. Bd3 Bg4 8. Nbd2
Nbd7 9. Qc2 c5 10. Rc1 Rc8 11. Qb1 b6 12. O-O Re8 13. Ne5 Nxe5 14. dxe5 Ne4 15.
Nxe4 dxe4 16. Bxe4 Qc7 17. h3 Bd7 18. Rcd1 Bc6 19. f4 Qb7 20. Bd5 Red8 21. Qe4
Bxd5 22. Rxd5 Rxd5 23. Qxd5 Qxd5 24. cxd5 Rd8 25. e4 Kf8 26. g4 Ke8 27. h4 a6
28. h5 Rc8 29. hxg6 hxg6 30. f5 Rd8 31. Rf2 Bh6 32. Rh2 Bg7 33. Rh7 Bf8 34. e6
g5 35. Bg7 Bxg7 36. Rxg7 fxe6 37. fxe6 Kf8 38. Rf7+ Ke8 39. Rh7 Kf8 40. Rh8+ Kg7
41. Rxd8 1-0

[Event "Chigorin Memorial 2016"]
[Site "St Petersburg RUS"]
[Date "2016.10.16"]
[Round "2.158"]
[White "Zaika, Daniil"]
[Black "Kozyakov, Andrey"]
[Result "1/2-1/2"]
[WhiteElo "2038"]
[BlackElo "1620"]
[WhiteFideId "44131186"]
[BlackFideId "44192800"]
[EventDate "2016.10.15"]

1. d4 d5 2. Nf3 Nf6 3. e3 Bf5 4. b3 e6 5. Bb2 Nbd7 6. Bd3 Bg6 7. O-O c6 8. c4
Qc7 9. Nc3 Bd6 10. c5 Be7 11. b4 O-O 12. Bxg6 hxg6 13. b5 b6 14. bxc6 Qxc6 15.
cxb6 Ne4 16. Nxe4 dxe4 17. Nd2 axb6 18. Qb3 Qa4 19. Nxe4 Rfc8 20. Nc3 Qxb3 21.
axb3 Ba3 22. Bxa3 Rxc3 23. Bb4 Rxa1 24. Bxc3 Ra3 25. Rb1 Nf6 26. Be1 Nd5 27. e4
Nf4 28. Kf1 f5 29. g3 Nd3 30. exf5 gxf5 31. Ke2 Nxe1 32. Kxe1 Kf7 33. Kd2 Ra2+
34. Ke3 g5 35. h4 Kg6 36. d5 exd5 37. Rc1 f4+ 38. gxf4 gxf4+ 39. Kxf4 Rxf2+ 40.
Ke5 Rf5+ 41. Ke6 Rf3 1/2-1/2

[Event "Chigorin Memorial 2016"]
[Site "St Petersburg RUS"]
[Date "2016.10.16"]
[Round "2.159"]
[White "Minbayev, Bolatbek"]
[Black "Koliadintcev, Igor"]
[Result "1-0"]
[WhiteElo "2034"]
[BlackElo "1614"]
[WhiteFideId "13714503"]
[BlackFideId "44120559"]
[EventDate "2016.10.15"]

1. e4 c5 2. Nf3 e6 3. c3 d5 4. exd5 Qxd5 5. d4 Nc6 6. Be2 cxd4 7. cxd4 Nf6 8.
O-O Be7 9. Nc3 Qd8 10. Bf4 a6 11. Qa4 O-O 12. Rfd1 Bd7 13. Rac1 b5 14. Qc2 Nb4
15. Qb3 Bc6 16. a3 Nbd5 17. Bg5 Bb7 18. Ne5 Nxc3 19. bxc3 Qd5 20. Qxd5 Bxd5 21.
Nd7 Rfd8 22. Nb6 Ra7 23. Nxd5 Rxd5 24. Bxf6 gxf6 25. a4 bxa4 26. c4 Ra5 27. d5
Bc5 28. Bf3 a3 29. Ra1 Ra4 30. d6 Bb6 31. c5 Ba5 32. c6 a2 33. Rdc1 Rd4 34. Rxa2
Bd2 35. Rxd2 Rxd2 36. c7 1-0

[Event "Chigorin Memorial 2016"]
[Site "St Petersburg RUS"]
[Date "2016.10.16"]
[Round "2.160"]
[White "Andrijashkin, Deniss"]
[Black "Korobitsyn, Daniil"]
[Result "1/2-1/2"]
[WhiteElo "1661"]
[BlackElo "2028"]
[WhiteFideId "4504631"]
[BlackFideId "24120472"]
[EventDate "2016.10.15"]

1. e4 e5 2. Nf3 Nc6 3. Bb5 a6 4. Ba4 Nf6 5. d3 b5 6. Bb3 Bc5 7. c3 O-O 8. O-O d5
9. Qe2 dxe4 10. dxe4 h6 11. Nbd2 Re8 12. Rd1 Qe7 13. Bc2 b4 14. Nb3 Bb6 15. h3
Bb7 16. Nh4 Rad8 17. Bd2 a5 18. Nf5 Qf8 19. Qf3 Re6 20. g4 bxc3 21. bxc3 Nd7 22.
h4 Ne7 23. Kh2 Nxf5 24. gxf5 Rd6 25. Be3 Nf6 26. Rxd6 Rxd6 27. Nc5 Ba8 28. Rg1
Kh8 29. Qg3 Rc6 30. Na4 Bxe3 31. Qxe3 Rc4 32. f3 Qe7 33. Bb3 Rc6 34. Qa7 Qd8 35.
Rd1 Rd6 36. Rxd6 cxd6 37. Qxf7 Nxe4 38. fxe4 Qxh4+ 39. Kg1 Qe1+ 40. Kh2 Qh4+ 41.
Kg1 1/2-1/2

[Event "Chigorin Memorial 2016"]
[Site "St Petersburg RUS"]
[Date "2016.10.16"]
[Round "2.161"]
[White "Tukaeva, Adelya"]
[Black "Ageeva, Vasilisa"]
[Result "1-0"]
[WhiteElo "2025"]
[BlackElo "1556"]
[WhiteFideId "24174360"]
[BlackFideId "24186120"]
[EventDate "2016.10.15"]

1. e4 c5 2. Nf3 g6 3. d4 cxd4 4. Nxd4 Nf6 5. Nc3 Nc6 6. Be3 Bg7 7. Bc4 O-O 8.
Bb3 d6 9. f3 a6 10. Qd2 Qc7 11. O-O-O Na5 12. Bh6 e5 13. Nde2 Nxb3+ 14. axb3 Rd8
15. Bxg7 Kxg7 16. h4 Be6 17. h5 Ng8 18. f4 b5 19. hxg6 fxg6 20. f5 Bf7 21. fxg6
Bxg6 22. Nd5 Qc5 23. Ng3 Rf8 24. b4 Qf2 25. Nf5+ Rxf5 26. exf5 Qxf5 27. Ne3 Qe4
28. g4 Rc8 29. Rh2 Qf4 30. Rf2 Qe4 31. Nf5+ Bxf5 32. gxf5 Rc4 33. Qxd6 Qe3+ 34.
Rfd2 Rd4 35. Qc7+ Kh8 36. Qf7 Rxb4 37. Rh1 h6 38. f6 Qg5 39. Qf8 Rd4 40. f7
Qxd2+ 41. Kb1 Rg4 42. fxg8=Q+ Rxg8 43. Rxh6+ 1-0

[Event "Chigorin Memorial 2016"]
[Site "St Petersburg RUS"]
[Date "2016.10.16"]
[Round "2.162"]
[White "Tsarkov, Mikhail"]
[Black "Ungurs, Kazimirs"]
[Result "0-1"]
[WhiteElo "1636"]
[BlackElo "2024"]
[WhiteFideId "44147201"]
[BlackFideId "11600705"]
[EventDate "2016.10.15"]

1. e4 d6 2. d4 Nf6 3. Nc3 e5 4. dxe5 dxe5 5. Qxd8+ Kxd8 6. Bg5 c6 7. O-O-O+ Ke8
8. Bc4 Be6 9. Bxe6 fxe6 10. Nf3 Nbd7 11. a3 a5 12. Rhe1 Be7 13. Na4 b5 14. Bxf6
gxf6 15. Nc3 Nc5 16. Kb1 Kf7 17. Na2 Rhd8 18. Rc1 Rab8 19. b3 Na6 20. Kb2 b4 21.
a4 Nc5 22. Rcd1 Rxd1 23. Rxd1 Nxe4 24. Nc1 Ke8 25. Nd3 Nc3 26. Re1 e4 27. Nd4
exd3 28. cxd3 Kd7 29. Nxe6 Bd6 30. Nd4 Be5 31. Nf5 Ne2+ 32. Kb1 Nd4 33. f4 Nxf5
34. fxe5 Re8 35. g4 Nd4 0-1

[Event "Chigorin Memorial 2016"]
[Site "St Petersburg RUS"]
[Date "2016.10.16"]
[Round "2.163"]
[White "Pryalukhin, Danila"]
[Black "Tikholiz, Sergei"]
[Result "1-0"]
[WhiteElo "2019"]
[BlackElo "1522"]
[WhiteFideId "24176206"]
[BlackFideId "44174446"]
[EventDate "2016.10.15"]

1. d4 Nf6 2. c4 c5 3. d5 b5 4. Nf3 g6 5. Qc2 d6 6. e4 b4 7. a3 bxa3 8. Rxa3 Bg7
9. Be2 O-O 10. h3 Nbd7 11. O-O Nb6 12. Nc3 Bd7 13. Bf4 Qc7 14. Bh2 Rfe8 15. e5
dxe5 16. Nxe5 Qc8 17. Bf3 a6 18. Qb3 Qd8 19. Nd3 Rc8 20. Rxa6 Na8 21. Rfa1 Nc7
22. R6a5 e6 23. d6 Na8 24. Rxa8 Kf8 25. Rxc8 Bxc8 26. Nxc5 Nd7 27. Nxd7+ Qxd7
28. c5 1-0

[Event "Chigorin Memorial 2016"]
[Site "St Petersburg RUS"]
[Date "2016.10.16"]
[Round "2.164"]
[White "Kundianok, Vladislav"]
[Black "Hong, Xing"]
[Result "0-1"]
[WhiteElo "1616"]
[BlackElo "2013"]
[WhiteFideId "44157819"]
[BlackFideId "8606129"]
[EventDate "2016.10.15"]

1. e4 c5 2. Nf3 e6 3. d4 cxd4 4. Nxd4 Nc6 5. Nc3 Nf6 6. Nxc6 bxc6 7. e5 Nd5 8.
Ne4 Qc7 9. f4 Qa5+ 10. Bd2 Qb6 11. c4 Qd4 12. Qb1 f5 13. cxd5 fxe4 14. d6 e3 15.
Bc3 Qxf4 16. Qc2 g6 17. g3 Qg5 18. Rg1 Bg7 19. h4 Qf5 20. Bd3 Qf3 21. Qg2 Qd5
22. Qxd5 exd5 23. b4 O-O 24. h5 g5 25. Rf1 Rxf1+ 26. Bxf1 a5 27. bxa5 c5 28. Bg2
Bb7 29. Rb1 Bc6 30. Rb6 d4 31. Bxc6 dxc6 32. e6 dxc3 33. Rxc6 Bd4 34. Kd1 Kf8
35. Rc7 Re8 36. e7+ Kf7 37. d7 Rxe7 38. Ke2 Rxd7 39. Rxd7+ Ke6 40. a6 c2 41. a7
c1=Q 42. Rd6+ Kxd6 43. a8=Q Qd2+ 44. Kf3 Qd1+ 45. Kg2 e2 46. Qd8+ Ke5 47. Qc7+
Ke4 48. Qxh7+ Ke3 49. Qe7+ Kd3 50. Qxg5 Qf1+ 51. Kh2 Bg1+ 0-1

[Event "Chigorin Memorial 2016"]
[Site "St Petersburg RUS"]
[Date "2016.10.16"]
[Round "2.165"]
[White "Grekhov, Luka"]
[Black "Sergeeva, Natalia"]
[Result "0-1"]
[WhiteElo "1600"]
[BlackElo "2013"]
[WhiteFideId "44129637"]
[BlackFideId "4117743"]
[EventDate "2016.10.15"]

1. d4 d5 2. c4 e6 3. Nf3 c6 4. e3 Nf6 5. Nc3 Nbd7 6. Bd3 Bd6 7. Qc2 Qe7 8. O-O
O-O 9. Re1 h6 10. e4 dxc4 11. Bxc4 e5 12. dxe5 Nxe5 13. Nxe5 Qxe5 14. g3 Qh5 15.
Be2 Bg4 16. f4 Bc5+ 17. Kg2 Bh3+ 18. Kh1 Ng4 19. Bxg4 Bxg4 20. Be3 Bb4 21. a3
Ba5 22. b4 Bc7 23. Nd1 a5 24. Bc5 Rfd8 25. Ne3 Bf3+ 26. Kg1 Rd7 27. bxa5 Bxa5
28. Bb4 Bb6 29. Rab1 Rad8 30. Bc3 Bc5 31. Bb4 Bxb4 32. Rxb4 Rd2 33. Qc4 Qxh2+ 0-1

[Event "Chigorin Memorial 2016"]
[Site "St Petersburg RUS"]
[Date "2016.10.16"]
[Round "2.166"]
[White "Kolesnikova, Kristina"]
[Black "Serov, Aleksandr"]
[Result "1-0"]
[WhiteElo "2012"]
[BlackElo "1505"]
[WhiteFideId "4100174"]
[BlackFideId "34177261"]
[EventDate "2016.10.15"]

1. Nf3 Nf6 2. g3 d5 3. Bg2 Bf5 4. O-O e6 5. d3 Nbd7 6. Nbd2 Bc5 7. c4 c6 8. d4
Bb6 9. b4 O-O 10. Bb2 Re8 11. Qb3 Bc7 12. b5 c5 13. cxd5 exd5 14. dxc5 Rxe2 15.
Nd4 Rxd2 16. Nxf5 g6 17. Nh6+ Kf8 18. c6 bxc6 19. Qb4+ c5 20. Qxd2 d4 21. Qg5
Bd6 22. Bh3 Be7 23. Ng4 Nxg4 24. Qxg4 f5 25. Qe2 Nf6 26. Rfe1 Ne4 27. Bf1 Qa5
28. Bxd4 Rd8 29. Be3 Nc3 30. Bh6+ Kg8 31. Qxe7 Ne2+ 32. Rxe2 Rd2 33. Qf8# 1-0

[Event "Chigorin Memorial 2016"]
[Site "St Petersburg RUS"]
[Date "2016.10.16"]
[Round "2.167"]
[White "Makeev, Konstantin"]
[Black "Zavgorodniaya, Alena"]
[Result "0-1"]
[WhiteElo "1525"]
[BlackElo "2011"]
[WhiteFideId "44115415"]
[BlackFideId "4169956"]
[EventDate "2016.10.15"]

1. e4 e5 2. Bc4 Nf6 3. d4 exd4 4. Nf3 Nc6 5. e5 d5 6. Bb5 Ne4 7. Nxd4 Bd7 8.
Bxc6 bxc6 9. O-O Be7 10. f3 Nc5 11. Nc3 O-O 12. Be3 Ne6 13. f4 f5 14. Na4 Qc8
15. Nxe6 Bxe6 16. Nc5 Rd8 17. Bd4 Rb8 18. Rb1 Rb5 19. a4 Rxc5 20. Bxc5 Bxc5+ 21.
Kh1 d4 22. b4 Be7 23. Qd3 Ba2 24. Rb2 Qe6 25. Qd2 Bd5 26. Rfb1 Kf7 27. Kg1 Be4
28. Re1 c5 29. c3 d3 30. b5 c4 31. Ra1 Bc5+ 32. Kf1 Qh6 33. h3 Qh4 34. Re1 Qg3 0-1

[Event "Chigorin Memorial 2016"]
[Site "St Petersburg RUS"]
[Date "2016.10.16"]
[Round "2.168"]
[White "Tsaruk, Maksim"]
[Black "Babotin, Ivan"]
[Result "1-0"]
[WhiteElo "2003"]
[BlackElo "1465"]
[WhiteFideId "13511173"]
[BlackFideId "24256510"]
[EventDate "2016.10.15"]

1. e4 e5 2. Nf3 Nc6 3. Bb5 Nf6 4. O-O Nxe4 5. d4 Nd6 6. Bxc6 bxc6 7. dxe5 Nf5 8.
Nd4 Nxd4 9. Qxd4 Be7 10. Qg4 g6 11. f4 d5 12. Qe2 a5 13. Qf2 Bf5 14. Be3 h5 15.
Nc3 h4 16. h3 Kf8 17. Rad1 Be6 18. Na4 Qe8 19. Nc5 Bxc5 20. Bxc5+ Kg8 21. Rd3
Rh7 22. Rfd1 Kg7 23. Ra3 Qc8 24. Be7 Qb7 25. Rb3 Qa7 26. Qxa7 Rxa7 27. Bf6+ Kh6
28. Bxh4 Kh5 29. Bg5 Ra6 30. Kf2 Bxh3 31. gxh3 Rb6 32. Rg1 Rh8 33. Rg4 Rxb3 34.
Rh4# 1-0

[Event "Chigorin Memorial 2016"]
[Site "St Petersburg RUS"]
[Date "2016.10.16"]
[Round "2.169"]
[White "Akhmetshin, Aydar"]
[Black "Basyrov, Eduard"]
[Result "0-1"]
[WhiteElo "1517"]
[BlackElo "2001"]
[WhiteFideId "34137065"]
[BlackFideId "4146140"]
[EventDate "2016.10.15"]

1. e4 c5 2. Nf3 Nc6 3. d4 cxd4 4. Nxd4 d6 5. Nc3 g6 6. Be3 Bg7 7. Qd2 Nf6 8. f3
O-O 9. Bc4 a6 10. Bb3 Bd7 11. O-O-O Na5 12. Kb1 Nxb3 13. axb3 a5 14. g4 a4 15.
bxa4 Bxa4 16. Nxa4 Rxa4 17. h4 Qa8 18. Nb3 Qa6 19. Qd3 Qc6 20. h5 Nd7 21. hxg6
fxg6 22. f4 Rfa8 23. Qd5+ Qxd5 24. exd5 Nf6 25. Rhg1 Re4 26. Bc1 Kf7 27. c3 Raa4
28. Na1 Ra5 29. Nc2 Rxd5 30. Rxd5 Nxd5 31. Rh1 Nxf4 32. Rxh7 Ne6 33. Bh6 Kg8 34.
Rxg7+ Nxg7 35. Ne3 Kh7 36. Bxg7 Kxg7 37. Nd5 Kf7 38. b4 Rxg4 39. Nb6 g5 40. Kc2
Rf4 41. Kd3 g4 42. Nd5 e5 0-1

[Event "Chigorin Memorial 2016"]
[Site "St Petersburg RUS"]
[Date "2016.10.16"]
[Round "2.170"]
[White "Kopasov, Evgeny"]
[Black "Astakhov, Dmitrii"]
[Result "1/2-1/2"]
[WhiteElo "1993"]
[BlackElo "1456"]
[WhiteFideId "4181239"]
[BlackFideId "44176759"]
[EventDate "2016.10.15"]

1. d4 d5 2. c4 c6 3. Nf3 Nf6 4. Nc3 a6 5. cxd5 cxd5 6. Bf4 Nc6 7. e3 Bg4 8. h3
Bh5 9. Bd3 e6 10. O-O Bd6 11. Bxd6 Qxd6 12. Be2 O-O 13. Nh4 Bxe2 14. Qxe2 b5 15.
Rfc1 Rfc8 16. Nf3 Rc7 17. Nd2 Rac8 18. Nb3 e5 19. dxe5 Nxe5 20. a3 Ne4 21. Na2
Rxc1+ 22. Rxc1 Rxc1+ 23. Naxc1 Nc4 24. Nd3 a5 25. Nd4 Nc5 26. Nxb5 Qb6 27. Nxc5
Qxb5 28. Nd3 Kf8 29. Qc2 Ke7 30. Qc3 f6 31. b4 axb4 32. Qxb4+ Qxb4 33. axb4 Kd6
34. Kf1 d4 35. Ke2 dxe3 36. fxe3 Kd5 37. Kf3 Nd2+ 38. Kf4 Kc4 39. Nc5 Kxb4 40.
Ne6 g5+ 41. Kf5 Nf1 42. Kxf6 g4 43. hxg4 Nxe3 44. g5 Nxg2 45. Nf8 Nh4 46. Nxh7
Kc5 47. Nf8 Kd4 48. Nd7 Ke4 49. Ne5 Ke3 50. Nc4+ Ke4 51. Nd6+ Kf4 52. Nf7 Ke4
53. Nh8 Ke3 54. Ke5 Nf3+ 1/2-1/2

[Event "Chigorin Memorial 2016"]
[Site "St Petersburg RUS"]
[Date "2016.10.16"]
[Round "2.171"]
[White "Moskaleva, Arina"]
[Black "Tsvetkov, Andrey"]
[Result "0-1"]
[BlackTitle "CM"]
[WhiteElo "1479"]
[BlackElo "1992"]
[WhiteFideId "34166332"]
[BlackFideId "34139360"]
[EventDate "2016.10.15"]

1. e4 c5 2. Nc3 d6 3. f4 Nc6 4. Nf3 g6 5. Bc4 Bg7 6. d3 e6 7. Bd2 Nge7 8. a3 O-O
9. O-O d5 10. Ba2 dxe4 11. dxe4 Nd4 12. Kh1 b6 13. Rb1 Bb7 14. Nxd4 cxd4 15. Ne2
Bxe4 16. Ng3 Bb7 17. Qe2 Qd7 18. Rbd1 Qc8 19. Bb4 Re8 20. Ne4 Ba6 21. Qf2 Bxf1
22. Nd6 Bxg2+ 23. Qxg2 Qc6 24. Nxe8 Rxe8 25. Bb3 Qxg2+ 26. Kxg2 Nf5 27. Rd3 Rc8
28. a4 Ne3+ 29. Kf3 Nxc2 30. Bd2 Rc7 31. a5 Ne3 32. Bxe3 dxe3 33. Kxe3 Bxb2 34.
axb6 axb6 35. Kd2 Bc1+ 36. Ke2 Bxf4 37. Rd8+ Kg7 38. Rb8 Rc6 39. Rb7 Bxh2 40.
Ba4 Rc4 41. Be8 Bc7 42. Bb5 Rc5 43. Bd3 h5 44. Be4 h4 45. Bh1 g5 46. Kd3 Be5 47.
Ke4 h3 48. Bf3 Kf6 49. Bh1 Rc1 0-1

[Event "Chigorin Memorial 2016"]
[Site "St Petersburg RUS"]
[Date "2016.10.16"]
[Round "2.172"]
[White "Kuznetsov, Roman"]
[Black "Petrov, Maksim"]
[Result "1-0"]
[WhiteElo "1990"]
[BlackElo "1367"]
[WhiteFideId "24172367"]
[BlackFideId "24216836"]
[EventDate "2016.10.15"]

1. e4 e5 2. Nf3 Nc6 3. d4 exd4 4. Bc4 Nf6 5. O-O Nxe4 6. Re1 d5 7. Nc3 dxc3 8.
Bxd5 Be6 9. Rxe4 Qf6 10. Bg5 Qg6 11. Bxe6 fxe6 12. Qd5 Be7 13. Rxe6 Qf7 14. Ne5
Nxe5 15. Rxe7+ Qxe7 16. Bxe7 cxb2 17. Re1 Kxe7 18. Qxe5+ Kd7 19. Qxg7+ Kc6 20.
Re6+ Kb5 21. Qxb2+ Ka5 22. Qxb7 1-0

[Event "Chigorin Memorial 2016"]
[Site "St Petersburg RUS"]
[Date "2016.10.16"]
[Round "2.173"]
[White "Bulsoev, Alexander"]
[Black "Pavlova, Natalia"]
[Result "0-1"]
[WhiteElo "1462"]
[BlackElo "1990"]
[WhiteFideId "44122276"]
[BlackFideId "24135615"]
[EventDate "2016.10.15"]

1. Nf3 d5 2. c4 c6 3. d4 Nf6 4. Nc3 e6 5. e3 Nbd7 6. Bd3 dxc4 7. Bxc4 b5 8. Bb3
Bb7 9. O-O Be7 10. Ne2 c5 11. dxc5 Nxc5 12. Ned4 a6 13. Bd2 O-O 14. Rc1 Nd5 15.
Ne5 Qd6 16. f4 Nxf4 17. Rxf4 Qxe5 18. Bc3 Qxe3+ 19. Rf2 Nd3 20. Rc2 Nxf2 21.
Rxf2 b4 22. Nc2 Qe4 23. Re2 Qg4 24. h3 Qg6 25. Nxb4 Bf3 26. Kh1 Bxe2 27. Qxe2
Bc5 28. Bc2 Qg3 29. Nd3 Bd6 30. Ne5 a5 31. Nf3 Rfc8 32. Qe4 g6 33. Qd4 Rxc3 34.
Qxc3 Rb8 35. Kg1 Qf4 36. Bb3 Bb4 37. Qd3 e5 38. Qd7 e4 39. Nd4 Bc5 40. Kh1 Bd6
41. Bxf7+ Kh8 42. Kg1 Qe3+ 43. Kf1 Qxd4 44. Qg4 Qf6+ 0-1

[Event "Chigorin Memorial 2016"]
[Site "St Petersburg RUS"]
[Date "2016.10.16"]
[Round "2.174"]
[White "Gordon, Evgeny"]
[Black "Kudin, Alexander"]
[Result "1-0"]
[WhiteElo "1988"]
[BlackElo "1313"]
[WhiteFideId "2807289"]
[BlackFideId "24248550"]
[EventDate "2016.10.15"]

1. d4 d5 2. c4 c6 3. Nc3 e6 4. e3 Nf6 5. Nf3 Nbd7 6. Qc2 Qc7 7. b3 Bb4 8. Bd2
Bxc3 9. Bxc3 Ne4 10. Bd3 Nxc3 11. Qxc3 O-O 12. O-O f5 13. Ne5 Nxe5 14. dxe5 Qe7
15. Rac1 f4 16. exf4 Rxf4 17. Qd2 Rf8 18. Qe3 Bd7 19. f4 a6 20. Rf3 Rf7 21. Qb6
Rb8 22. Re1 Qd8 23. Qf2 h6 24. Qg3 Qf8 25. Qg6 Qc5+ 26. Kh1 Kf8 27. Qh7 Ke7 28.
Bg6 Qb4 29. Ref1 Rff8 30. Qxg7+ Kd8 31. Qxh6 Kc7 32. f5 exf5 33. Qe3 Be6 34.
Bxf5 Bxf5 35. Rxf5 Rxf5 36. Rxf5 dxc4 37. Rf7+ Kd8 38. Qd4+ 1-0

[Event "Chigorin Memorial 2016"]
[Site "St Petersburg RUS"]
[Date "2016.10.16"]
[Round "2.175"]
[White "Riakhovskii, Mark"]
[Black "Lingur, Zalina"]
[Result "0-1"]
[BlackTitle "WFM"]
[WhiteElo "1370"]
[BlackElo "1986"]
[WhiteFideId "34174459"]
[BlackFideId "34165670"]
[EventDate "2016.10.15"]

1. c4 c5 2. Nc3 Nc6 3. g3 g6 4. Bg2 Bg7 5. Nf3 e5 6. O-O Nge7 7. a3 d6 8. Ne1
Be6 9. b3 d5 10. Rb1 O-O 11. Nc2 f5 12. f4 e4 13. Na4 b6 14. d3 dxc4 15. bxc4
exd3 16. exd3 Qd7 17. Qe2 Rfe8 18. Bb2 Rad8 19. Nc3 Bf7 20. Rbd1 Nd5 21. Qd2
Nxc3 22. Bxc3 Nd4 23. Nxd4 Bxd4+ 24. Bxd4 Qxd4+ 25. Qf2 Re3 26. Kh1 Rxd3 27.
Rxd3 Qxd3 28. Bf3 Bxc4 29. Rd1 Qxd1+ 30. Bxd1 Rxd1+ 31. Kg2 Bf1+ 32. Qxf1 Rxf1
33. Kxf1 b5 34. Ke2 Kf7 35. Kd3 Ke6 36. Kc3 Kd5 37. Kd3 a5 38. h4 b4 39. a4 c4+ 0-1

[Event "Chigorin Memorial 2016"]
[Site "St Petersburg RUS"]
[Date "2016.10.16"]
[Round "2.176"]
[White "Sheynin, Izrail"]
[Black "Burdin, Daniil"]
[Result "1-0"]
[WhiteElo "1982"]
[BlackElo "1243"]
[WhiteFideId "4186230"]
[BlackFideId "44164270"]
[EventDate "2016.10.15"]

1. e4 e6 2. d3 d5 3. Nd2 Bc5 4. Ngf3 Ne7 5. d4 Bb6 6. e5 O-O 7. Bd3 h6 8. g4 c5
9. c3 Nbc6 10. dxc5 Bc7 11. Qe2 f6 12. exf6 Rxf6 13. h4 e5 14. g5 Re6 15. Bc2 e4
16. Nd4 Nxd4 17. cxd4 Nf5 18. Nb3 a5 19. Be3 a4 20. Nd2 b6 21. gxh6 Nxh6 22. b4
Nf5 23. h5 bxc5 24. bxc5 Nxe3 25. Qxe3 Rf6 26. O-O-O Bf4 27. Qc3 Bh6 28. Kb1
Rxf2 29. Ka1 Bg4 30. Nxe4 Rxc2 31. Qxc2 dxe4 32. Qc4+ Kh8 33. Rde1 e3 34. Qc3
Qd5 35. Rhg1 Bxh5 36. Rxe3 Bxe3 37. Qxe3 Bf7 38. Qf2 Rd8 39. Rg4 Qc4 40. Qh4+
Kg8 41. Qxd8+ Kh7 42. Qh4+ Kg8 43. Qd8+ Kh7 44. Rh4+ Kg6 45. Qd6+ Be6 46. Qg3+
Kf7 47. Qf2+ Kg8 48. Rh1 a3 49. Qd2 Qd5 50. Rc1 Bf5 51. c6 g6 52. c7 Qb7 53. Qc3
Bc8 54. Qb3+ Qxb3 55. axb3 Kf7 56. Re1 Be6 57. Rxe6 Kxe6 58. c8=Q+ Kd5 59. Qc4+
Kd6 60. Qc5+ Ke6 61. Qe5+ Kf7 62. d5 Kg8 63. Qe7 g5 64. d6 g4 65. d7 g3 66.
d8=Q# 1-0

[Event "Chigorin Memorial 2016"]
[Site "St Petersburg RUS"]
[Date "2016.10.16"]
[Round "2.177"]
[White "Lantseva, Aleksandra"]
[Black "Stepanov, Andrey"]
[Result "0-1"]
[WhiteElo "1359"]
[BlackElo "1976"]
[WhiteFideId "34194867"]
[BlackFideId "24198730"]
[EventDate "2016.10.15"]

1. e4 c5 2. Nf3 d6 3. d4 cxd4 4. Nxd4 Nf6 5. Nc3 Nc6 6. Nb3 e5 7. Bc4 Be7 8. O-O
O-O 9. f4 exf4 10. Bxf4 a6 11. Qd2 b5 12. Bd5 Bb7 13. Rad1 Qb6+ 14. Be3 Qc7 15.
Bf4 Rad8 16. Nc5 Qb6 17. Bxc6 Qxc5+ 18. Be3 Qxc6 19. Nd5 Nxd5 20. exd5 Qd7 21.
Bb6 Rb8 22. Ba7 Ra8 23. Bb6 Qg4 24. Rfe1 Bf6 25. c3 Rfe8 26. h3 Qg6 27. Bc7 Be5
28. Qc1 Qg3 0-1

[Event "Chigorin Memorial 2016"]
[Site "St Petersburg RUS"]
[Date "2016.10.16"]
[Round "2.178"]
[White "Aseeva, Anastasia"]
[Black "Kirianova, Evgeniia"]
[Result "1-0"]
[WhiteElo "1969"]
[BlackElo "1219"]
[WhiteFideId "4184971"]
[BlackFideId "54163838"]
[EventDate "2016.10.15"]

1. d4 d5 2. Nf3 Nc6 3. g3 Nf6 4. Bg2 g6 5. O-O Bg7 6. b3 O-O 7. Bb2 Bf5 8. Nbd2
Ne4 9. e3 Qd7 10. c4 dxc4 11. bxc4 Rad8 12. Ne1 Nc5 13. Nb3 Na4 14. Ba3 Nc3 15.
Qd2 Ne4 16. Qc1 Rfe8 17. Bxe4 Bxe4 18. Nc5 Qg4 19. f3 Bxf3 20. Nxf3 b6 21. Nb3
e5 22. d5 e4 23. Nfd4 Ne5 24. Kh1 Nf3 25. Bb2 Re5 26. Nxf3 Rh5 27. Nh4 g5 28.
Qd1 Qxd1 29. Raxd1 Bxb2 30. Nf5 f6 31. g4 Rh3 32. Kg2 Rf3 33. Rxf3 exf3+ 34.
Kxf3 Be5 35. h3 Kf7 36. Nbd4 Kg6 37. Nc6 Re8 38. Nxe5+ Rxe5 39. Rd4 h5 40. Re4
hxg4+ 41. hxg4 Rxe4 42. Kxe4 Kf7 43. Nd4 Ke8 44. Kf5 Kf7 45. Nb5 a5 46. Nxc7 Ke7
47. Nb5 a4 48. a3 Kf7 49. d6 Ke8 50. Kxf6 Kd7 51. Kxg5 Ke6 52. e4 Kf7 53. e5 Ke6
54. Nc7+ Kd7 55. Kf6 Kd8 56. e6 Kc8 57. e7 Kd7 58. e8=Q+ Kxd6 59. Nb5+ Kc5 60.
Qc8# 1-0

[Event "Chigorin Memorial 2016"]
[Site "St Petersburg RUS"]
[Date "2016.10.16"]
[Round "2.179"]
[White "Timofeev, Vsevolod"]
[Black "Schetchikov, Vladimir"]
[Result "0-1"]
[BlackTitle "FM"]
[WhiteElo "1301"]
[BlackElo "1967"]
[WhiteFideId "54191602"]
[BlackFideId "4131193"]
[EventDate "2016.10.15"]

1. e4 g6 2. d4 d6 3. Bf4 Bg7 4. Nf3 Bg4 5. Bc4 e6 6. c3 Nd7 7. Nbd2 Ne7 8. Qb3
Nb6 9. h3 Bxf3 10. Nxf3 Nxc4 11. Qxc4 O-O 12. O-O Qd7 13. Rfe1 b5 14. Qb3 a5 15.
Rac1 Rfb8 16. c4 a4 17. Qa3 b4 18. Qd3 Rd8 19. Red1 Nc6 20. Qc2 Na5 21. b3 Qc6
22. d5 Qe8 23. dxe6 fxe6 24. e5 axb3 25. axb3 Nb7 26. exd6 cxd6 27. Qe4 Nc5 28.
Qc2 Ra6 29. Re1 Rda8 30. Rcd1 e5 31. Qd2 Qc6 32. Be3 e4 33. Bxc5 dxc5 34. Nh2
Bc3 35. Qc2 Bxe1 36. Rxe1 Ra1 37. Rxa1 Rxa1+ 38. Nf1 Qe6 39. Qd2 Qe5 40. Qd8+
Kg7 41. Qd7+ Kh6 42. Qf7 Qd6 43. Qe8 Rxf1+ 44. Kxf1 Qd1# 0-1